| 000 | 01042cam1a220027700 4500 | ||
|---|---|---|---|
| 001 | tmp15750029 | ||
| 003 | UPRA | ||
| 005 | 20190830104531.0 | ||
| 008 | 951019s1975 za eng u | ||
| 035 | _a(Sirsi) r25312 | ||
| 035 | _a(UPRA)tmp15750029 | ||
| 035 | _a(UPRA)tmp15332248 | ||
| 040 | _cUPRA | ||
| 100 | 1 |
_aMilligan, Elsie. _6A88624.1 |
|
| 245 | 1 | 2 |
_aA brief history of Sakeji School [1925-1975] / _cby Elsie Milligan, Charles R. Nightingale [and] Lyndon R. Hess. |
| 260 |
_aIkelenge (via Kitwe) : _bSakeji School, _c[1975?] |
||
| 650 | 0 |
_aSakeji school. _6S63684.1 |
|
| 650 | 0 |
_aChildren of missionaries -- Education. _xChildren of missionaries -- Education. _6S63685.1 |
|
| 650 | 0 |
_aSchools -- Zambia. _zSchools -- Zambia. _6S63686.1 |
|
| 700 | 1 |
_aNightingale, Charles R. _6A88625.1 |
|
| 949 |
_aLG465 _wlcc _i-25398 _mMAIN _tBOOK _lON-SHELF |
||
| 949 |
_aLG465 _wlcc _i-25399 _mMAIN _tBOOK _lON-SHELF |
||
| 949 |
_aLG465 _wlcc _i-25400 _mMAIN _tBOOK _lON-SHELF |
||
| 949 |
_aLG465 _wlcc _i-25401 _mMAIN _tBOOK _lON-SHELF |
||
| 004 | 25312 | ||
| 999 |
_c186036 _d186036 |
||